Vládne opatrenia na zlepšenie podnikateľského prostredia III

Tretí balík vládnych opatrení na zlepšenie podnikateľského prostredia bol schválený 6. februára 2019 uznesením vlády SR č. 51 s termínami plnenia najneskôr do 31. maraca 2020. Cieľom balíka je schváliť súbor 36 opatrení v rôznych oblastiach hospodárstva zameraných na zníženie regulačného zaťaženia,...

ver descrição completa

Na minha lista:
Detalhes bibliográficos
Autor principal: Hmírová, Lenka
Formato: Capítulo de Livro
Idioma:eslovaco
Assuntos:
Tags: Adicionar Tag
Sem tags, seja o primeiro a adicionar uma tag!

MARC

LEADER 00000naa a2200000 4500
001 0253524
005 20190514083331.0
041 0 |a slo 
044 |a SK 
245 1 0 |a Vládne opatrenia na zlepšenie podnikateľského prostredia III  |c Lenka Hmírová 
520 |a Tretí balík vládnych opatrení na zlepšenie podnikateľského prostredia bol schválený 6. februára 2019 uznesením vlády SR č. 51 s termínami plnenia najneskôr do 31. maraca 2020. Cieľom balíka je schváliť súbor 36 opatrení v rôznych oblastiach hospodárstva zameraných na zníženie regulačného zaťaženia, na podporu podnikania a digitalizáciu procesov. 
610 2 0 |a prostredie podnikateľské 
610 2 0 |a vláda 
610 2 0 |a opatrenia racionalizačné 
610 2 0 |a Slovensko 
100 1 |a Hmírová, Lenka